|
|
|
|
| LEADER |
02179nim a2200601 i 4500 |
| 001 |
001545335 |
| 003 |
CZ BrMZK |
| 005 |
20161108080247.0 |
| 007 |
sd fungnnmmned |
| 008 |
160929t20162016xr ||nne f n cze |
| 015 |
|
|
|a cnb002834972
|
| 024 |
3 |
|
|a 8594050422513
|
| 028 |
0 |
1 |
|a 8594050422513
|b Plus
|
| 040 |
|
|
|a BOA001
|b cze
|e rda
|
| 043 |
|
|
|a e-fr---
|
| 072 |
|
7 |
|a 821.111-3
|x Anglická próza, anglicky psaná
|2 Konspekt
|9 25
|
| 080 |
|
|
|a 821.111-31
|2 MRF
|
| 080 |
|
|
|a (=1:410)
|2 MRF
|
| 080 |
|
|
|a 316.728
|2 MRF
|
| 080 |
|
|
|a (44)
|2 MRF
|
| 080 |
|
|
|a (0:82-311.5)
|2 MRF
|
| 080 |
|
|
|a (086.7)08
|2 MRF
|
| 080 |
|
|
|a (086.76)
|2 MRF
|
| 100 |
1 |
|
|a Clarke, Stephen,
|d 1958-
|7 xx0065900
|4 aut
|
| 240 |
1 |
0 |
|a Merde actually.
|l Česky
|
| 245 |
1 |
0 |
|a Už zase skáču přes Merde! /
|c Stephen Clarke ; z anglického originálu Merde actually přeložil Richard Podaný
|
| 264 |
|
1 |
|a Praha :
|b Plus,
|c 2016
|
| 300 |
|
|
|a 2 audiodisky (10 hod., 46 min.) ;
|c 12 cm
|
| 306 |
|
|
|a 104600
|
| 336 |
|
|
|a mluvené slovo
|b spw
|2 rdacontent
|
| 337 |
|
|
|a audio
|b s
|2 rdamedia
|
| 338 |
|
|
|a audiodisk
|b sd
|2 rdacarrier
|
| 344 |
|
|
|a digital
|b optical
|2 rda
|
| 347 |
|
|
|a audio soubor
|b MP3
|2 rda
|
| 500 |
|
|
|a Název z disku
|
| 500 |
|
|
|a Nezkrácená audiokniha
|
| 500 |
|
|
|a Copyright Albatros Media
|
| 500 |
|
|
|a Podle stejnojmenné knihy vydané nakladatelstvím Plus v roce 2008
|
| 511 |
0 |
|
|a Čte Vladimír Hauser
|
| 518 |
|
|
|a Natočeno v květnu a červnu 2016 v Recording Studio Škroupova Brno
|
| 650 |
0 |
7 |
|a Britové
|7 ph117407
|z Francie
|2 czenas
|
| 650 |
0 |
7 |
|a každodenní život
|7 ph121555
|z Francie
|2 czenas
|
| 651 |
|
7 |
|a Paříž (Francie)
|7 ge130380
|2 czenas
|
| 655 |
|
7 |
|a anglické romány
|7 fd131814
|2 czenas
|
| 655 |
|
7 |
|a humoristické romány
|7 fd132431
|2 czenas
|
| 655 |
|
7 |
|a audioknihy
|7 fd119452
|2 czenas
|
| 655 |
|
7 |
|a kompaktní disky
|7 fd201991
|2 czenas
|
| 700 |
1 |
|
|a Podaný, Richard,
|d 1962-
|7 mzk2003183236
|4 trl
|
| 700 |
1 |
|
|a Podaný, Richard,
|d 1962-
|7 mzk2003183236
|4 trl
|
| 910 |
|
|
|a BOA001
|b CDR-1375.358
|
| 990 |
|
|
|a AV
|
| 991 |
|
|
|b 201611
|c NOV
|
| 996 |
6 |
|
|b 2610683422
|c CDR-1375.358
|l MZK
|r Sklad / do 24 hodin
|n 0
|p p.v.
|w 001580500
|u 000010
|a 1
|e BOA001
|j MZK50
|s P
|